| 000 | 00671nam a22002055i 4500 | ||
|---|---|---|---|
| 001 | 171832 | ||
| 003 | ES-MaACL | ||
| 005 | 20250808022132.0 | ||
| 008 | 090602s1956 sp |||| | spa d | ||
| 100 | 1 |
_aSolov'iov, Mijail. _9140454 |
|
| 245 | 1 | 0 |
_aMis nueve vidas en el ejército rojo / _cMikhail Soloviev ; [versión española de Carlos Paytuví de Sierra]. |
| 250 | _a[1ª ed.]. | ||
| 260 |
_aBarcelona : _bLuis de Caralt, _c[1956] |
||
| 300 |
_a312 p. ; _c20 cm. |
||
| 490 | 1 | _aLa vida vivida | |
| 700 | 1 |
_aPaytuví de Sierra, Carlos. _989742 |
|
| 830 | 0 | 3 |
_aLa vida vivida _9180877 |
| 852 |
_aES-MaACL _jC-11003 _9R.38909 |
||
| 999 |
_c171832 _d171832 |
||